The clue of the velvet mask (Record no. 8867)
[ view plain ]
| 000 -LEADER | |
|---|---|
| fixed length control field | 00901nam a22002177a 4500 |
| 003 - CONTROL NUMBER IDENTIFIER | |
| control field | OSt |
| 005 - DATE AND TIME OF LATEST TRANSACTION | |
| control field | 20260310063652.0 |
| 008 - FIXED-LENGTH DATA ELEMENTS--GENERAL INFORMATION | |
| fixed length control field | 260310b |||||||| |||| 00| 0 eng d |
| 020 ## - INTERNATIONAL STANDARD BOOK NUMBER | |
| International Standard Book Number | 0-448-09530-0 |
| 040 ## - CATALOGING SOURCE | |
| Original cataloging agency | DWCL GS lib |
| Transcribing agency | OC |
| 082 ## - DEWEY DECIMAL CLASSIFICATION NUMBER | |
| Edition number | K26c 1997 |
| 100 ## - MAIN ENTRY--PERSONAL NAME | |
| Personal name | CAROLYN KEENE |
| 245 ## - TITLE STATEMENT | |
| Title | The clue of the velvet mask |
| Statement of responsibility, etc. | CAROLYN KEENE |
| 260 ## - PUBLICATION, DISTRIBUTION, ETC. | |
| Place of publication, distribution, etc. | New York |
| Name of publisher, distributor, etc. | Grosset & Dunlap |
| Date of publication, distribution, etc. | 1997 |
| 300 ## - PHYSICAL DESCRIPTION | |
| Extent | vii, 177 pages: |
| Other physical details | illustrations |
| Dimensions | 19cm. |
| 520 ## - SUMMARY, ETC. | |
| Summary, etc. | In The Clue of the Velvet Mask, Nancy Drew investigates a series of mysterious events involving thefts and disappearances at a theater. A valuable diamond necklace has gone missing, and Nancy notices suspicious activity connected to a masked figure. |
| 546 ## - LANGUAGE NOTE | |
| Language note | English |
| 650 ## - SUBJECT ADDED ENTRY--TOPICAL TERM | |
| Source of heading or term | Persevere, Be observant and thoughtful |
| 650 ## - SUBJECT ADDED ENTRY--TOPICAL TERM | |
| Source of heading or term | Crime has consequences, Courage and intelligence lead to success |
| 942 ## - ADDED ENTRY ELEMENTS (KOHA) | |
| Source of classification or shelving scheme | Dewey Decimal Classification |
| Koha item type | Fiction |
| Classification part | Fic. |
| Suppress in OPAC | No |
No items available.